logo

Bir Sreshtho Munshi Abdur Rouf Library
Jhenaidah Cadet College

Chldren's Literature in Indian Language / (Record no. 4282)

MARC details
000 -LEADER
fixed length control field 00563nam a2200205 a 4500
001 - CONTROL NUMBER
JCCL Control Number 4282
003 - CONTROL NUMBER IDENTIFIER
JCCL marc code BD-JhCC
005 - DATE AND TIME OF LATEST TRANSACTION
control field 20171126191547.0
008 - FIXED-LENGTH DATA ELEMENTS--GENERAL INFORMATION
fixed length control field 171119s1982 II |||| ||a| 000 0 eng d
035 ## - SYSTEM CONTROL NUMBER
system control number (BD-JhCC)
040 ## - CATALOGING SOURCE
Original cataloging agency BD-JhCC
Modifying agency BD-JhCC
041 ## - LANGUAGE CODE
Language code of Book eng
082 ## - DEWEY DECIMAL CLASSIFICATION NUMBER
Classification number 891.409
Author mark and Year JAM 1982
100 ## - MAIN ENTRY--PERSONAL NAME
Personal name Jamuna, K. A.
245 ## - TITLE STATEMENT
Title Chldren's Literature in Indian Language /
Statement of responsibility, etc K. A. Jamuna
260 ## - PUBLICATION, DISTRIBUTION, ETC. (IMPRINT)
Place of publication, distribution, etc India :
Name of publisher, distributor, etc Ministry of Information and Broadcasting,
Date of publication, distribution, etc 1982
300 ## - PHYSICAL DESCRIPTION
Pagination 293 p. :
Dimensions 22 cm.
650 ## - SUBJECT ADDED ENTRY--TOPICAL TERM
Topical term or geographic name as entry element Children's literature
Geographic subdivision India
942 ## - ADDED ENTRY ELEMENTS (KOHA)
Source of classification or shelving scheme Dewey Decimal Classification
Koha item type Books
Holdings
Source of classification or shelving scheme Damaged status Not for loan Home library Current library Shelving location Date of accession Total Checkouts Full call number Barcode Date last seen Copy number Koha item type
Dewey Decimal Classification     JCC Rouf Library JCC Rouf Library General Stacks 11/25/2017   891.409 JAM 1982 5884 11/25/2017 C-1 Books

JCC Library | Contacts | JCC Home

Last Update on 23 September 2017
Copyright @ 2017-2020 JCC Rouf Library
Rouf Library, Jhenidah Cadet College (JCC), Bangladesh